| 000 | 00759nam a2200241 u 4500 | ||
|---|---|---|---|
| 005 | 20240910063927.0 | ||
| 008 | 110909s2002 es r 000 0 spa d | ||
| 020 | _a8421613642 | ||
| 035 | _aUPN01000181758 | ||
| 049 | _aI | ||
| 050 | 4 |
_aPZ76.3 _bB7.54 2002 |
|
| 100 | 1 |
_aBröger, Achim, _d1944- _935632 |
|
| 245 | 1 | 0 |
_aMi 24 de diciembre / _cAchim Bröger ; il. Mónica Echevarría ; tr. Cynthia Hertfelder. |
| 250 | _a6a ed. | ||
| 260 |
_aMadrid : _bBruño, _c2002. |
||
| 300 |
_a89 p. : _bil. |
||
| 440 | 0 |
_aAltamar. _pHumor ; _v59 |
|
| 534 |
_pTitulo original: _tMein 24 dezember |
||
| 586 | _aPremio Alemán de Literatura Juvenil | ||
| 650 | 0 |
_aPerros _vCuentos y leyendas _98586 |
|
| 650 | 4 |
_aCuentos infantiles alemanes _98589 |
|
| 905 | _aInfantil | ||
| 999 |
_c153861 _d153861 |
||